Регионална библиотека "Любен Каравелов" - Русе

Възмездия (Запис номер 188390)

MARC детайли
000 -Лидер
Контролно поле с фиксирана дължина 01139nam a2200301 c 4500
003 - Код на организацията, давaща контролен номер
Контролно поле BLK
005 - Дата и час на последна редакция
Контролно поле 20230406030302.0
008 - Елементи от данни с фиксирана дължина
fixed length control field 180411b bul|||||r ||||||| ||bul||
010 ## - Наследен системен номер
LC control number KNG00197408000
040 ## - Източник на каталожния запис
Идентификатор на билиотеката - собственик на записа BLK
041 ## - Код за език
Код за езика на текст/звукозапис или на отделно заглавие Български
Код за езика КДБФ Български
080 ## - УДК
Текстов определител УДК Българска литература
УДК код - определител по УДК 821.163.2
УДК определител -31
УДК - код + определител 821.163.2-31
100 1# - Редна дума - Автор
Автор Харманджиев, Тодор
Автор - информация (биография) Харманджиев, Тодор Александров, Илиев, Тодор Александров, Василев, Тодор Александров
Титли или други наименования, свързани с автора поет, преводач
Дати, свързани с автора 1905-1993
Пълна форма на името Илиев, Тодор Александров
R(LIN) 249306
139 ## - Редно поле
Редна дума Харманджиев, Тодор
Авторски знак Харл - Х 28
245 10 - Сведения за заглавието
Заглавие Възмездия
Подзаглавни данни Трилогия : Кн. 1 -
Редно поле (дума) Тодор Харманджиев.
Том Кн. 1 - 2
Заглавие на том Родове
257 ## - Страна на издаване
Страна на създаване/издаване България
260 ## - Област на издателските данни
-- София
Име на издателя, разпространителя и проч. Воен. изд.
Година на издаване 1984 -
300 ## - Физическа характеристика
Размери/Мащаб 21 см
380 ## - Жанр
Жанр Худож. лит.
500 ## - Общи забележки
Забележка 12 730 тир.
505 ## - Форматирана забележка
Подзаглавни данни Романи
Авторската отговорност
Заглавие Героите на Булаир се завърнаха
760 1# - Описание на основната серия
Редна дума на основното описание Харманджиев, Тодор
Място на издаване, издател и година 1984
Страници - том 440 с.
Заглавие Кн. 1 - 2 Родове
852 ## - Местоположение
Форматна сигнатура Цб 125944
856 4# - Електронен адрес и достъп
Електронен формат pdf - файл
Път до файла /url/
856 4# - Електронен адрес и достъп
Електронен формат pdf - файл
Път до файла /url/
942 ## - АРТИКУЛИ
Вид на библиотечния материал Книги
Скрит в OPAC Не
Koha issues (borrowed), all copies 1
944 ## - СЪЗДАВАНЕ И РЕДАКЦИЯ на ЗАПИСА
Създаване/Редакция Създаване
Дата на регистрацията/редакция 05.12.2016
Служител, извършил регистрацията/редакцията Правда_Бадева
944 ## - СЪЗДАВАНЕ И РЕДАКЦИЯ на ЗАПИСА
Създаване/Редакция Редакция
Дата на регистрацията/редакция 05.12.2016
Служител, извършил регистрацията/редакцията Правда_Бадева
999 ## - СИСТЕМНИ КОНТРОЛНИ НОМЕРА
Koha biblionumber 188390
Koha biblioitemnumber 188390
Наличности
Код за отписване Код за изгубен артикул Източник на класификационната схема Код за повреда Коз за рестрикции Код за отдаване Артикулен № Име на библиотеката - собственик Име на библиотеката, в която се намира в момента Статус (Текущо местоположение) Дата на вписване в системата Местоположение - отдел Цена в лева Инвентарен номер Систематично азбучна сигнатура Баркод Номер на екземпляра Цена в евро Служебна бележка Служебен тип на артикула Бележка за публиката
  Не е изгубен Universal Decimal Classification Не е повреден само за читалня ползва се в читалня 330431 Регионална библиотека "Любен Каравелов" Русе Регионална библиотека "Любен Каравелов" Русе Хранилище 1984-01-01 Хранилище 3.18 403450 Цб 125944 120000403450 1 1.63 N: стар фонд Дата: 01.01.1984 Книги  
Изтеглен Не е изгубен Universal Decimal Classification Не е повреден без рестрикции заемане за дома 330432 Регионална библиотека "Любен Каравелов" Русе Регионална библиотека "Любен Каравелов" Русе Заемна - подръчен фонд 1984-01-01 Заемна - подръчен фонд 3.18 404632 П 886.7-31/Х 28 404632 2 1.63 N: стар фонд Дата: 01.01.1984 Книги  
Изтеглен Не е изгубен   Не е повреден без рестрикции заемане за дома 330433 Регионална библиотека "Любен Каравелов" Русе Регионална библиотека "Любен Каравелов" Русе   1984-01-01 Заемна - подръчен фонд 3.18 404634 П 886.7-31/Х 28 404634 3 1.63 N: стар фонд Дата: 01.01.1984 Книги Отч.N: 5 , Дата: 19.01.2018
Изтеглен Не е изгубен Universal Decimal Classification Не е повреден без рестрикции заемане за дома 330434 Регионална библиотека "Любен Каравелов" Русе Регионална библиотека "Любен Каравелов" Русе Заемна - подръчен фонд 1984-01-01 Заемна - подръчен фонд 3.18 404635 П 886.7-31/Х 28 404635 4 1.63 N: стар фонд Дата: 01.01.1984 Дата инв: 12.02.2018 Бележки инв: П2018 Книги  
Vip Innovations Ltd, Rousse, Bulgaria 2025